000
00283nam a2200121 a 4500
008
101022s1988|||| d
100
1
_a
Lisická, Helena
245
1
0
_a
Páv zpívá o štěstí
260
_b
Mladá fronta
_a
Praha
_c
1988
020
_c
26
041
_a
ces
044
_a
CZ
999
_c
11309
_d
11309